Score 0/36 Timer 06:00
1 Play Today
% Correct
Sea
80%
Underworld
79%
Love
74.1%
Wine
74%
Beauty
73.5%
Thunder
72.3%
Lightning
71.9%
Sun
70.5%
Wisdom
67.2%
Travellers
67.1%
Kingship
66.1%
Archery
64.9%
Skies
62.8%
Heralds
62%
Music
61.1%
Poetry
58.1%
Trade
57.6%
Healing
55.7%
% Correct
Ritual Madness
55.1%
Thieves
54.9%
Earthquakes
54.8%
Religious Ecstasy
53.4%
Strategy
47%
Prophecy
46.9%
Order
44%
Languages
43.9%
Horses
43.8%
Athletes
43.7%
Theatre
40.3%
Civilization
35.2%
Truth
30%
Weaving
29.3%
Animal Husbandry
28.8%
Plague
24.5%
Vegetation
22.3%
Hospitality
18.6%
Remove Ads.
Support Sporcle.
Get the best of Sporcle when you Go Orange. This ad-free experience offers more features, more stats, and more fun while also helping to support Sporcle. Thank you for becoming a member.

You're not logged in!

Compare scores with friends on all Sporcle quizzes.
OR
Log In

Sporcle TV

Today on Sporcle TV


Watch our educational content, quiz creation guides, and fun videos on Sporcle TV.

Show Comments

Extras

Top Quizzes Today


Score Distribution

Paid Content

Your Account Isn't Verified!

In order to create a playlist on Sporcle, you need to verify the email address you used during registration. Go to your Sporcle Settings to finish the process.

Report this User

Report this user for behavior that violates our Community Guidelines.

Details: